| 000 | 00610cam a2200217 a 4500 | ||
|---|---|---|---|
| 020 | _a9780821366943 | ||
| 020 | _a0821366947 | ||
| 020 | _a9780821366950 (electronic) | ||
| 020 | _a0821366955 (electronic) | ||
| 040 | _cDLC | ||
| 082 | 0 | 0 | _a332 WOR 2007 A068 Co. |
| 245 | 0 | 2 | _aA guide to the World Bank. |
| 246 | 3 | 0 | _aWorld Bank |
| 250 | _a2nd ed. | ||
| 260 |
_aWashington D.C. : _bWorld Bank, _cc2007. |
||
| 300 |
_axvii, 247 p. : _bill., maps ; _c23 cm. |
||
| 650 | 0 | _aEconomic assistance. | |
| 710 | 2 | _aWorld Bank. | |
| 856 | 4 | 1 | _uhttp://www.loc.gov/catdir/toc/ecip0718/2007019884.html |
| 942 | _cEK | ||
| 999 |
_c15038 _d15038 |
||